000 00183nam a2200073Ia 4500
008 170817s9999 xx 000 0 und d
100 _aRishiswar. V
245 0 _aSanskrit Shikshaan
260 _bAgarwal Prakashan Agara
999 _c39371
_d39371